Gaming Quiz

Random Gaming or Nintendo Quiz
Score 0/96 Timer 14:00
0 Plays Today
Game Enemy % Correct
Pikmin 1-2-3Red Bulborb
95.5%
Pikmin 1-2-3Dwarf Red Bulborb
82.4%
Pikmin 1-2-3Spotty Bulbear
82.4%
Pikmin 1-2Emperor Bulblax
79.3%
Pikmin 2-3Orange Bulborb
77.4%
Pikmin 1-2Wollywog
77.4%
Pikmin 2Empress Bulblax
75.8%
Pikmin 1-2-3Dwarf Bulbear
75.7%
Pikmin 1-2-3Yellow Wollywog
75.1%
Pikmin 1-2-3Burrowing Snagret
74.7%
Pikmin 1-2Beady Long Legs
74%
Pikmin 1-2Breadbug
71.6%
Pikmin 1-2-3Fiery Blowhog
71.1%
Pikmin 2-3Dwarf Orange Bulborb
70.9%
Pikmin 2Hairy Bulborb
70.8%
Pikmin 2Titan Dweevil
70.5%
Pikmin 2Waterwraith
70.5%
Pikmin 2-3Watery Blowhog
68.1%
Pikmin 1-2Mamuta
67.9%
Pikmin 2Fiery Bulblax
67.5%
Pikmin 3Plasm Wraith
66.7%
Pikmin 1Armored Cannon Beetle
65.9%
Pikmin 1-2-3Swooping Snitchbug
65.6%
Pikmin 2Man-at-Legs
65.6%
Pikmin 1-2-3Sheargrub
65.1%
Pikmin 2Snow Bulborb
64.6%
Pikmin 1-2-3Puffy Blowhog
64.6%
Pikmin 1Smoky Progg
64.5%
Pikmin 1Goolix
64.2%
Pikmin 1-2-3Water Dumple
64%
Pikmin 1-2-3Wogpole
64%
Pikmin 2Raging Long Legs
63.1%
Game Enemy % Correct
Pikmin 2Bulbmin
63%
Pikmin 2Fiery Dweevil
62.9%
Pikmin 2Giant Breadbug
62.8%
Pikmin 3Shaggy Long Legs
62.8%
Pikmin 1-2-3Shearwig
62.7%
Pikmin 3Whiptongue Bulborb
62.2%
Pikmin 2-3Armored Cannon Larva
60.7%
Pikmin 2Pileated Snagret
59.6%
Pikmin 3Scornet
57.7%
Pikmin 2Bulborb Larva
57.5%
Pikmin 2Withering Blowhog
57.4%
Pikmin 1Puffstool
56.6%
Pikmin 2Caustic Dweevil
56.5%
Pikmin 2Bumbling Snitchbug
56.2%
Pikmin 2Anode Dweevil
56%
Pikmin 2-3Toady Bloyster
55.2%
Pikmin 3Scornet Maestro
55.1%
Pikmin 2Volatile Dweevil
55.1%
Pikmin 2Anode Beetle
54.9%
Pikmin 3Armored Mawdad
54.9%
Pikmin 2Decorated Cannon Beetle
54.2%
Pikmin 2Ranging Bloyster
54.1%
Pikmin 1-2Honeywisp
53.9%
Pikmin 3Quaggled Mireclops
53.4%
Pikmin 3Vehemoth Phosbat
52.3%
Pikmin 1-2-3Iridescent Flint Beetle
51.6%
Pikmin 2Gatling Groink
51.4%
Pikmin 3Sandbelching Meerslug
51.2%
Pikmin 2Careening Dirigibug
50.5%
Pikmin 2Munge Dweevil
50.2%
Pikmin 2-3Hermit Crawmad
50.1%
Pikmin 3Phosbat
49.1%
Game Enemy % Correct
Pikmin 2Iridescent Glint Beetle
48.7%
Pikmin 3Bug-Eyed Crawmad
48.7%
Pikmin 2Creeping Chrysanthemum
48.6%
Pikmin 2Segmented Crawbster
48.2%
Pikmin 2-3Skitter Leaf
47.9%
Pikmin 3Arctic Cannon Larva
47.6%
Pikmin 1Pearly Clamclamp
47%
Pikmin 2Greater Spotted Jellyfloat
47%
Pikmin 2Lesser Spotted Jellyfloat
46.9%
Pikmin 3Swarming Sheargrub
46.8%
Pikmin 3Joustmite
46%
Pikmin 2Doodlebug
45.3%
Pikmin 2Cloaking Burrow-nit
45.3%
Pikmin 3Red, Yellow & White Spectralids
44.4%
Pikmin 3Peckish Aristocrab
44%
Pikmin 3Bearded Amprat
43.9%
Pikmin 3Flighty Joustmite
43.5%
Pikmin 3Puckering Blinnow
42.7%
Pikmin 3Desiccated Skitter Leaf
42.2%
Pikmin 3Medusal Slurker
41.8%
Pikmin 2Antenna Beetle
41.5%
Pikmin 3Calcified Crushblat
41.3%
Pikmin 2Mitite
41.1%
Pikmin 2Unmarked Spectralids
40.7%
Pikmin 3Pyroclasmic Slooch
40.5%
Pikmin 3Arachnode
40.2%
Pikmin 2Ravenous Whiskerpillar
39.5%
Pikmin 3Waddlepus
39%
Pikmin 3Skeeterskate
39%
Pikmin 3Sputtlefish
38.6%
Pikmin 3Skutterchuck
37.3%
Pikmin 3Necterous Dandelfly
31.8%
Come Together.
Have Fun.
All Virtual.
We all need to come together. Play Sporcle's virtual live trivia to have fun, connect with people, and get your trivia on. Join a live hosted trivia game for your favorite pub trivia experience done virtually. If a virtual private party is more your thing, go here for details.

You're not logged in!

Compare scores with friends on all Sporcle quizzes.
OR
Log In

Sporcle TV

Today on Sporcle TV


Watch our educational content, quiz creation guides, and fun videos on Sporcle TV.

Show Comments

Extras

Top Quizzes Today


Score Distribution

Paid Content

Your Account Isn't Verified!

In order to create a playlist on Sporcle, you need to verify the email address you used during registration. Go to your Sporcle Settings to finish the process.

Report this User

Report this user for behavior that violates our Community Guidelines.

Details: